Berühmte Persönlichkeiten 2 - Statistiken

Allgemein
  • Dieses Quiz wurde 211 mal gespielt
  • Das Durchschnittsergebnis liegt bei 5 aus 15
Antwortstatistiken
Beschreibung Person % Korrekt
Klimaaktivistin, "Fridays for Future", Klima-Übereinkommen von Paris, vom US-Magazin "Time" 2019 zur "Person of the Year ausgewählt" Greta Thunberg
83%
kommunistischer Diktator, Nichtangriffspakt mit dem 3. Reich, Konferenz von Jalta, wurde zweimal für den Friedensnobelpreis nominiert Josef Stalin
81%
Mitglied der CDU, ehemals Bundestagsabgeordnete und Verteidigungsministerin, mittlerweile Präsidentin der Europäischen Kommission Ursula von der Leyen
78%
SPD-Politiker und Mediziner, Bundesminister für Gesundheit im Kabinett Scholz, Brillenträger, trat in Hinblick auf die SARS-CoV-2-Pandemie des Öfteren als "Experte" im Fernsehen auf Karl Lauterbach
72%
ehemaliger Staatssekretär, Außenminister und Bundeskanzler seines Landes, wurde 2019 aufgrund eines Misstrauensvotums im Parlament samt seines Kabinetts des Amtes enthoben, Ermittlungen wegen des Verdachts auf Korruption, Rückzug aus der Politik 2021 Sebastian Kurz
44%
Fußballspielerin, zwischen 2006 und 2018 sechsmal zur Weltfußballerin des Jahres gekürt worden, stammt aus Südamerika, Doppelstaatsbürgerschaft Marta
35%
Friedensnobelpreisträger, von 1990-1995 Staatspräsident Polens, organisierte den politischen Wandel von einem realsozialistischen zu einem demokratisch-marktwirtschaftlichen System in seinem Land entscheidend mit Lech Walesa
32%
Pop-Sängerin , Balkan-Wurzeln, Songs: "Be The One", "No Goodbyes", "Last Dance", bekannt für ihre heisere, tiefe Tonlage Dua Lipa
28%
Schachweltmeister von 1972 bis 1975, Finale gegen den Sowjet Boris Spasski, verbrachte seine letzten Lebensjahre in Island, Verfilmung "Bauernopfer - Spiel der Könige" Bobby Fischer
23%
US-amerikanischer Kapitän der Handelsmarine, Containerschiff Maersk Alabama, von somalischen Piraten 2009 in einem Freifallrettungsboot der Maersk Alabama als Geisel genommen, Befreiung durch US-Elitesoldaten, Geschichte wurde verfilmt, Filmtitel beinhaltet seinen Nachnamen Richard Phillips
16%
Psychologe und Psychotherapeut, herausragende Leistung in der Entwicklung der Personenzentrierten Psychotherapie, sein Ansatz ist heute fester Bestandteil der Gesprächsführung im Rahmen von Therapiegesprächen Carl Rogers
5%
weibliche Führungspersönlichkeit des kolumbianischen Medellin-Kartells, Kokainkrieg von Miami, wurde nach ihrer Haft in den USA nach Kolumbien abgeschoben und 2012 in Medellin erschossen Griselda Blanco
3%
ehemaliges Mitglied der United States Navy SEALs, im Rahmen der Operation Red Wings in Afghanistan wurde sein Team bestehend aus vier Elitesoldaten von den Taliban angegriffen; nur er überlebte, Verfilmung "Lone Survivor" mit Mark Wahlberg in der Hauptrolle Marcus Luttrell
3%
ehemaliger österreichischer Judokämpfer, Träger des 7. Dan, zweifacher Olympiasieger, wurde Ende 2019 wegen sexuellen Missbrauchs Minderjähriger zu 5 Jahren Haft verurteilt Peter Seisenbacher
3%
Sowjetunion, erfolgreichste Scharfschützin aller Zeiten, 309 bestätigte Abschüsse im 2. Weltkrieg Ljudmila Pawlitschenko
2%
Keine übereinstimmenden Quizze gefunden
Verteilung der Resultate
Anzahl Personen mit jedem Resultat
Perzentil nach korrekt beantworteten Fragen
Ihre Resultats-Entwicklung
Sie haben dieses Quiz noch nicht gespielt